Statistiken für Rette die Menschheit, indem du Länder errätst

Klicken Sie hier um das Quiz zu spielen!

Allgemein

  • Dieses Quiz wurde 36.836 mal gespielt
  • Das Durchschnittsergebnis liegt bei 4762 aus 7811

Antworten auf der Karte

Die Antworten werden auf der Karte rot bzw. grün angezeigt, abhängig davon wie oft sie richtig erraten wurden.
Laden ...
 

Antwortstatistiken

populationCountry% Korrekt
83,783,942Deutschland
96%
331,002,651Vereinigte Staaten
95%
1,447,470,092China
94%
145,934,462Russland
92%
1,380,004,385Indien
85%
212,559,417Brasilien
84%
67,515,709Frankreich
83%
37,742,154Kanada
81%
46,754,778Spanien
72%
128,932,753Mexiko
72%
126,476,461Japan
71%
25,499,884Australien
69%
60,461,826Italien
64%
45,195,774Argentinien
63%
273,523,615Indonesien
58%
59,308,690Südafrika
55%
24,206,644Niger
53%
67,886,011Vereinigtes Königreich
52%
102,334,404Ägypten
51%
83,992,949Iran
48%
206,139,589Nigeria
47%
220,892,340Pakistan
46%
84,339,067Türkei
45%
37,846,611Polen
44%
89,561,403Demokratische Republik Kongo
44%
10,099,265Schweden
43%
5,518,087Republik Kongo
43%
40,222,493Irak
41%
43,733,762Ukraine
40%
19,116,201Chile
40%
51,269,185Südkorea
39%
164,689,383Bangladesch
39%
69,799,978Thailand
37%
32,971,854Peru
36%
43,851,044Algerien
36%
10,196,709Portugal
35%
5,421,241Norwegen
35%
4,822,233Neuseeland
33%
97,338,579Vietnam
33%
34,813,871Saudi-Arabien
33%
50,882,891Kolumbien
31%
109,581,078Philippinen
29%
8,654,622Schweiz
29%
18,776,707Kasachstan
28%
5,540,720Finnland
28%
9,006,398Österreich
28%
3,278,290Mongolei
28%
114,963,588Äthiopien
26%
37,507,899Marokko
25%
43,849,260Sudan
25%
17,134,872Niederlande
24%
25,778,816Nordkorea
24%
4,937,786Irland
23%
5,792,202Dänemark
23%
38,928,346Afghanistan
23%
32,365,999Malaysia
21%
10,423,054Griechenland
21%
11,589,623Belgien
21%
53,771,296Kenia
21%
28,435,940Venezuela
20%
11,673,021Bolivien
19%
341,243Island
19%
20,250,833Mali
17%
54,409,800Myanmar
17%
17,500,658Syrien
17%
16,425,864Tschad
17%
7,275,560Laos
16%
6,871,292Libyen
16%
59,734,218Tansania
16%
9,449,323Belarus
15%
31,072,940Ghana
15%
11,818,619Tunesien
14%
9,660,351Ungarn
13%
2,540,905Namibia
13%
10,708,981Tschechien
13%
8,655,535Israel
13%
32,866,272Angola
13%
23,816,775Taiwan
13%
19,237,691Rumänien
13%
16,718,965Kambodscha
13%
29,825,964Jemen
13%
15,893,222Somalia
12%
5,106,626Oman
12%
29,136,808Nepal
12%
11,326,616Kuba
11%
1,326,535Estland
11%
1,886,198Lettland
11%
4,105,267Kroatien
10%
2,722,289Litauen
10%
9,890,402Vereinigte Arabische Emirate
10%
6,926,908Serbien
10%
17,643,054Ecuador
10%
3,473,730Uruguay
10%
11,193,725Südsudan
10%
7,132,538Paraguay
9%
6,948,445Bulgarien
9%
21,413,249Sri Lanka
9%
8,278,724Togo
9%
26,545,863Kamerun
9%
45,741,007Uganda
9%
4,314,767Panama
9%
2,877,797Albanien
8%
33,469,203Usbekistan
8%
16,743,927Senegal
8%
5,850,342Singapur
7%
27,691,018Madagaskar
7%
801Vatikanstadt
7%
625,978Luxemburg
7%
31,255,435Mosambik
6%
5,459,642Slowakei
6%
38,128Liechtenstein
6%
39,242Monaco
6%
77,265Andorra
6%
11,402,528Haiti
6%
441,543Malta
6%
9,904,607Honduras
6%
4,649,658Mauretanien
6%
17,915,568Guatemala
6%
3,280,819Bosnien und Herzegowina
6%
2,078,938Slowenien
6%
771,608Bhutan
5%
1,810,463Kosovo
5%
2,961,167Jamaika
5%
2,351,627Botswana
5%
12,123,200Benin
5%
18,383,955Sambia
5%
26,378,274Elfenbeinküste
5%
2,881,053Katar
4%
14,862,924Simbabwe
4%
8,947,024Papua-Neuguinea
4%
1,207,359Zypern
4%
10,203,134Jordanien
4%
6,825,445Libanon
4%
6,624,554Nicaragua
4%
19,129,952Malawi
4%
2,963,243Armenien
4%
6,031,200Turkmenistan
4%
5,094,118Costa Rica
4%
3,546,421Eritrea
4%
33,931San Marino
4%
393,244Bahamas
3%
13,132,795Guinea
3%
586,632Suriname
3%
10,139,177Aserbaidschan
3%
628,066Montenegro
3%
4,270,571Kuwait
3%
896,445Fidschi
3%
12,952,218Ruanda
3%
397,628Belize
3%
4,829,767Zentralafrikanische Republik
3%
6,524,195Kirgisistan
3%
2,225,734Gabun
3%
4,033,963Moldawien
3%
20,903,273Burkina Faso
3%
3,989,167Georgien
3%
2,083,374Nordmazedonien
3%
2,416,668Gambia
3%
2,142,249Lesotho
3%
6,486,205El Salvador
2%
198,414Samoa
2%
105,695Tonga
2%
10,847,910Dominikanische Republik
2%
11,890,784Burundi
2%
437,479Brunei
2%
540,544Malediven
2%
786,552Guyana
2%
9,537,645Tadschikistan
2%
5,057,681Liberia
2%
18,094Palau
2%
11,792Tuvalu
2%
10,824Nauru
2%
1,701,575Bahrain
2%
71,986Dominica
1%
112,523Grenada
1%
53,199St. Kitts und Nevis
1%
97,929Antigua und Barbuda
1%
98,347Seychellen
1%
110,940St. Vincent und die Grenadinen
1%
307,145Vanuatu
1%
115,023Föderierte Staaten von Mikronesien
1%
1,318,445Osttimor
1%
183,627St. Lucia
1%
219,159São Tomé und Príncipe
1%
287,375Barbados
1%
1,399,488Trinidad und Tobago
1%
555,987Kap Verde
1%
7,976,983Sierra Leone
1%
119,449Kiribati
1%
686,884Salomonen
1%
869,601Komoren
1%
988,000Dschibuti
1%
1,160,164Eswatini
1%
1,968,001Guinea-Bissau
1%
1,271,768Mauritius
1%
59,190Marshallinseln
0%
1,402,985Äquatorial-Guinea
0%

Verteilung der Resultate

Perzentil nach korrekt beantworteten Fragen

Anzahl Personen mit jedem Resultat

Ihre Resultats-Entwicklung

Sie haben dieses Quiz noch nicht gespielt